00665nam a2200229 a 4500001001300000003000900013005001700022008004100039020001000080082001600090100001900106245001900125260006200144300000900206500003500215505001500250700001900265902000800284942000700292952011900299999001700418nice12345678IN_TiNIC20260116015205.0050524s1995 hyda grp 000 0 tel  ac10000a303.66bVIN aVinoba Bhave,  aAhimsanveshana aHyderabadbInst.Of Indo-Middle East Cultural Studiec1995 a287p aincludes index and biblioraphy2 aAppendices1 aVinoba Bhave,  bSRS cBK 001040708StackRoom-aHMIbHMId2007-03-20g100.00l0o303.66 VINp11000524r2007-03-20v100.00w2005-05-24yBK c18684d18684